Statistiche per Personaggi di fantasia - O -

Clicka qui per fare il quiz!

Statistiche generali

  • Questo quiz è stato fatto 880 volte
  • Il punteggio medio è 9 su 16

Statistiche sulle risposte

Risposta% Corretto
Obelix
94%
Olaf
93%
Olivia
75%
Oscar François de Jarjayes,
73%
Obi-Wan Kenobi
61%
Otello
60%
Orione
55%
Osiride
53%
Ofelia
50%
Odino
49%
Optimus Prime
46%
Oliver Twist
43%
Oronzo Canà
36%
Otto Disc
33%
Odie
19%
Oddjob
10%

Distribuzione punteggi

Percentile per numero di risposta

Percentuale di utenti per punteggio

I tuoi punteggi nel tempo

Non hai fatto questo quiz